000 00267nam a2200109Ia 4500
008 221009s9999 xx 000 0 und d
082 _a823/HUS
100 _aHussain, Intizar
_910974
245 0 _aShort Stories From Pakistan
260 _bSahitya Academy
942 _cBK
999 _c64853
_d64853